| 000 | 00756nam a22002297a 4500 | ||
|---|---|---|---|
| 999 |
_c20143 _d20143 |
||
| 003 | AR-CdUCM | ||
| 008 | 190527b ||||| |||| 00| 0 spa d | ||
| 040 |
_aMUNICIPALIDAD PROVINCIAL DEL CUSCO _cBIBLIOTECA MUNICIPAL DEL CUSCO |
||
| 041 | _heng | ||
| 082 |
_a973.091 / _bH22 |
||
| 100 |
_aHarris, Louis _942126 |
||
| 245 | _aLa angustia del cambio / | ||
| 260 |
_aBuenos Aires : _bAmericana S.C.A., _c1976. |
||
| 300 |
_a382 páginas _c20 cm. |
||
| 505 | _aContenido: La alegría a muerto -- Tres puntos de vista desde la cumbre -- Carlos Marx cabeza abajo... | ||
| 650 |
_aCasa Blanca _92149 |
||
| 650 |
_aKennedy _935320 |
||
| 650 |
_aNixon _942127 |
||
| 700 |
_aTellerman, Estela (traductor) _942128 |
||
| 942 |
_2ddc _cLIBROS |
||
| 945 | _aJavier | ||